| 000 | 01241nam a2200301 i 4500 | ||
|---|---|---|---|
| 001 | bg | ||
| 245 | 0 | 0 |
_aAwarie budowlane : _bXIX konferencja naukowo-techniczna, Szczecin - Międzyzdroje 19-22 maja 1999 : referaty. _nT. 2 / _c[oprac. red. Maria Kaszyńska] ; Politechnika Szczecińska. Wydział Budownictwa i Architektury |
| 260 |
_aSzczecin : _bWydawnictwo Uczelniane Politechniki Szczecińskiej, _c[1999]. |
||
| 300 |
_aS. 451-860 : _bfot., mapa, pl., rys., wykr. ; _c24 cm. |
||
| 500 | _aTyt. grzbiet. : Awarie budowlane '99. - Tekst częśc. ang. - Streszcz. ang., pol. | ||
| 500 | _aNa prawach rps. | ||
| 504 | _aBibliogr. przy ref. | ||
| 650 | 9 | _aGeologia inżynierska | |
| 650 | 9 | _aKatastrofy budowlane | |
| 650 | 9 |
_aKonstrukcje budowlane _xbezpieczeństwo |
|
| 655 | _aMateriały konferencyjne | ||
| 700 | 1 |
_aKaszyńska, Maria. _eRed. |
|
| 710 | 0 |
_aPolitechnika Szczecińska _bWydział Budownictwa i Architektury |
|
| 020 | _a8387423777 (t. 2) | ||
| 020 | _a838742367X (całość) | ||
| 040 | _cBPK | ||
| 041 | 0 |
_aplen _benpl |
|
| 080 | _a624.01/.07:69.059:614.8:624.131](061) | ||
| 920 | _a83-87423-77-7 (t. 2) | ||
| 920 | _a83-87423-67-X (całość) | ||
| 942 | _cKS | ||
| 008 | s pl f |000 0 pol | ||
| 999 |
_c39029 _d39029 |
||